[Event "2LB1516, Unichess'B'-Bakov n/J"]
[Site "Praha"]
[Date "2016.03.13"]
[Round "9.1"]
[White "Kopta, Pavel"]
[Black "Mudra, Pavel"]
[Result "1/2-1/2"]
[BlackElo "2260"]
[WhiteElo "2286"]
[WhiteTeam "Unichess B"]
[BlackTeam "Bakov nad Jizerou"]
[LiveChessVersion "1.4.6"]

1. d4 {[%clk 1:29:46]} d5 {[%clk 1:30:54]} 2. c4 {[%clk 1:29:26]} c6
{[%clk 1:31:15]} 3. Nf3 {[%clk 1:29:49]} Nf6 {[%clk 1:31:40]} 4. Nc3
{[%clk 1:30:03]} g6 {[%clk 1:31:58]} 5. e3 {[%clk 1:25:06]} Bg7 {[%clk 1:32:07]}
6. Bd3 {[%clk 1:25:08]} O-O {[%clk 1:32:18]} 7. O-O {[%clk 1:25:28]} Nbd7
{[%clk 1:28:04]} 8. cxd5 {[%clk 1:25:09]} cxd5 {[%clk 1:28:26]} 9. Bd2
{[%clk 1:23:38]} b6 {[%clk 1:24:26]} 10. Qb3 {[%clk 1:21:23]} Bb7
{[%clk 1:24:45]} 11. Rac1 {[%clk 1:20:43]} a6 {[%clk 1:22:37]} 12. Rc2
{[%clk 1:13:16]} Ne4 {[%clk 1:18:24]} 13. Be2 {[%clk 1:03:38]} Nxd2
{[%clk 1:17:50]} 14. Rxd2 {[%clk 1:02:56]} e6 {[%clk 1:13:10]} 15. Rc1
{[%clk 1:02:12]} Qe7 {[%clk 1:12:51]} 16. Na4 {[%clk 0:45:24]} Qd6
{[%clk 1:09:32]} 17. Rdc2 {[%clk 0:44:01]} Rfc8 {[%clk 1:09:47]} 18. h3
{[%clk 0:40:56]} Rxc2 {[%clk 1:09:55]} 19. Rxc2 {[%clk 0:41:13]} Rc8
{[%clk 1:10:15]} 20. Rxc8+ {[%clk 0:28:16]} Bxc8 {[%clk 1:10:37]} 21. Nc3
{[%clk 0:23:12]} Bb7 {[%clk 1:09:38]} 22. a3 {[%clk 0:18:04]} f6 {[%clk 1:08:11]}
23. Nd2 {[%clk 0:17:19]} Kf7 {[%clk 1:06:10]} 24. Bf3 {[%clk 0:15:42]} Bf8
{[%clk 1:04:02]} 25. Na2 {[%clk 0:14:44]} b5 {[%clk 1:02:31]} 26. Nb4
{[%clk 0:13:09]} Nb6 {[%clk 1:00:19]} 27. Qc2 {[%clk 0:12:08]} f5
{[%clk 0:59:09]} 28. Nd3 {[%clk 0:12:17]} Qb8 {[%clk 0:56:23]} 29. Nb3
{[%clk 0:12:00]} Nc4 {[%clk 0:55:29]} 30. Nbc5 {[%clk 0:11:57]} Bc8
{[%clk 0:53:52]} 31. Qc1 {[%clk 0:11:27]} Bd6 {[%clk 0:53:33]} 32. b3
{[%clk 0:11:08]} Nb6 {[%clk 0:53:57]} 33. Qc3 {[%clk 0:10:52]} Qc7
{[%clk 0:49:52]} 34. g3 {[%clk 0:08:22]} Nd7 {[%clk 0:48:36]} 35. Kg2
{[%clk 0:08:07]} Bb7 {[%clk 0:47:56]} 36. b4 {[%clk 0:07:51]} Nb6
{[%clk 0:47:38]} 37. Nf4 {[%clk 0:03:18]} Bc8 {[%clk 0:47:09]} 38. h4
{[%clk 0:02:37]} h6 {[%clk 0:45:57]} 39. Qc1 {[%clk 0:02:29]} Kf6
{[%clk 0:44:03]} 40. Nfd3 {[%clk 0:01:35]} Nc4 {[%clk 0:44:06]} 41. Nf4
{[%clk 0:28:34]} g5 {[%clk 1:08:57]} 42. hxg5+ {[%clk 0:27:43]} hxg5
{[%clk 1:09:19]} 43. Nfd3 {[%clk 0:23:25]} Qh7 {[%clk 1:09:32]} 44. Kg1
{[%clk 0:22:20]} Qh3 {[%clk 1:08:08]} 45. Bg2 {[%clk 0:21:50]} Qg4
{[%clk 1:08:16]} 46. Ne5 {[%clk 0:19:49]} Nxe5 {[%clk 1:06:11]} 47. dxe5+
{[%clk 0:20:12]} Bxe5 {[%clk 1:06:28]} 48. Ne4+ {[%clk 0:19:57]} dxe4
{[%clk 1:04:19]} 49. Qxc8 {[%clk 0:20:09]} Qd1+ {[%clk 1:04:43]} 50. Bf1
{[%clk 0:18:53]} Qd6 {[%clk 1:03:50]} 51. Kg2 {[%clk 0:17:59]} g4
{[%clk 1:03:58]} 52. Qc2 {[%clk 0:17:42]} Qc7 {[%clk 1:03:27]} 53. Qd1
{[%clk 0:16:25]} Qd6 {[%clk 1:01:44]} 54. Qb3 {[%clk 0:14:07]} Qc6
{[%clk 1:01:38]} 55. Be2 {[%clk 0:12:44]} Ke7 {[%clk 1:01:33]} 56. Bd1
{[%clk 0:10:50]} Qc3 {[%clk 1:01:03]} 57. a4 {[%clk 0:08:07]} Qxb3
{[%clk 1:01:05]} 58. Bxb3 {[%clk 0:08:32]} Bc3 {[%clk 1:01:21]} 59. axb5
{[%clk 0:08:16]} axb5 {[%clk 1:01:17]} 60. Kf1 {[%clk 0:08:22]} Bxb4
{[%clk 1:01:30]} 61. Ke2 {[%clk 0:08:37]} Ba5 {[%clk 0:59:25]} 62. Kd1
{[%clk 0:08:36]} Bb6 {[%clk 0:57:46]} 63. Kd2 {[%clk 0:08:17]} Kd6
{[%clk 0:58:00]} 64. Ba2 {[%clk 0:08:11]} e5 {[%clk 0:56:13]} 65. Bf7
{[%clk 0:07:31]} b4 {[%clk 0:54:41]} 66. Bb3 {[%clk 0:07:23]} Ke7
{[%clk 0:53:04]} 67. Ke2 {[%clk 0:07:43]} Kf6 {[%clk 0:52:58]} 68. Kd2
{[%clk 0:07:06]} Kg5 {[%clk 0:52:50]} 69. Ke2 {[%clk 0:07:07]} f4
{[%clk 0:50:50]} 70. Be6 {[%clk 0:07:03]} Bc5 {[%clk 0:50:55]} 71. Bb3
{[%clk 0:07:20]} Kf5 {[%clk 0:49:14]} 72. Bd5 {[%clk 0:07:22]} Bb6
{[%clk 0:48:48]} 73. Bb3 {[%clk 0:06:56]} Kf6 {[%clk 0:38:39]} 74. Bd5
{[%clk 0:07:15]} Ke7 {[%clk 0:38:57]} 75. Bxe4 {[%clk 0:04:07]} fxg3
{[%clk 0:38:37]} 76. fxg3 {[%clk 0:04:30]} b3 {[%clk 0:39:01]} 77. Kd2
{[%clk 0:04:09]} Kf6 {[%clk 0:38:56]} 78. Bb1 {[%clk 0:02:54]} Ba5+
{[%clk 0:39:10]} 79. Ke2 {[%clk 0:03:17]} Ke6 {[%clk 0:39:01]} 80. Bd3
{[%clk 0:03:12]} Kd5 {[%clk 0:38:59]} 81. Kd1 {[%clk 0:02:36]} e4
{[%clk 0:32:10]} 82. Be2 {[%clk 0:02:55]} Kc5 {[%clk 0:29:55]} 83. Kc1
{[%clk 0:03:06]} Kb4 {[%clk 0:25:16]} 84. Bxg4 {[%clk 0:02:17]} Bb6
{[%clk 0:24:12]} 85. Bf5 {[%clk 0:02:34]} Bxe3+ {[%clk 0:24:31]} 1/2-1/2

[Event "2LB1516, Unichess'B'-Bakov n/J"]
[Site "Praha"]
[Date "2016.03.13"]
[Round "9.2"]
[White "Kaderabek, Jiri"]
[Black "Plasil, Petr"]
[Result "1-0"]
[BlackElo "2041"]
[WhiteElo "2190"]
[WhiteTeam "Bakov nad Jizerou"]
[BlackTeam "Unichess B"]
[LiveChessVersion "1.4.6"]

1. e4 c5 2. Nf3 Nc6 3. Bb5 e6 4. O-O Nge7 5. Re1 a6 6. Bxc6 {[%clk 1:23:39]} Nxc6
{[%clk 1:32:35]} 7. d4 {[%clk 1:21:59]} cxd4 {[%clk 1:27:41]} 8. Nxd4
{[%clk 1:21:16]} Be7 {[%clk 1:16:57]} 9. c4 {[%clk 1:17:09]} O-O {[%clk 1:07:36]}
10. Nc3 {[%clk 1:15:44]} Qb6 {[%clk 1:02:29]} 11. Be3 {[%clk 1:08:11]} Qxb2
{[%clk 0:58:19]} 12. Na4 {[%clk 1:02:58]} Qb4 {[%clk 0:43:44]} 13. Rb1
{[%clk 1:00:59]} Qd6 {[%clk 0:41:00]} 14. c5 Qe5 {[%clk 0:33:17]} 15. Nb6
{[%clk 0:51:15]} Rb8 {[%clk 0:31:28]} 16. Nxc6 {[%clk 0:44:08]} dxc6
{[%clk 0:30:29]} 17. Qc1 {[%clk 0:36:00]} Qc7 {[%clk 0:23:40]} 18. e5
{[%clk 0:33:43]} Bd7 {[%clk 0:18:38]} 19. Rb4 {[%clk 0:32:19]} f6
{[%clk 0:14:28]} 20. Bf4 {[%clk 0:32:01]} f5 {[%clk 0:13:01]} 21. Rd4
{[%clk 0:29:08]} Rbd8 {[%clk 0:12:34]} 22. Bg5 {[%clk 0:25:24]} Bc8
{[%clk 0:09:45]} 23. Bxe7 {[%clk 0:18:43]} Qxe7 {[%clk 0:10:04]} 24. Red1
{[%clk 0:18:23]} Qc7 {[%clk 0:04:59]} 25. Qd2 {[%clk 0:17:22]} Rd5
{[%clk 0:04:12]} 26. Nxd5 {[%clk 0:17:36]} cxd5 {[%clk 0:04:00]} 27. f4
{[%clk 0:17:06]} Qxc5 {[%clk 0:04:25]} 28. Rc1 {[%clk 0:16:27]} Qb6
{[%clk 0:04:53]} 29. Qb4 {[%clk 0:16:30]} Qa7 {[%clk 0:02:21]} 30. Rc7
{[%clk 0:16:17]} a5 {[%clk 0:01:51]} 31. Qc3 {[%clk 0:16:27]} Qa8
{[%clk 0:00:48]} 32. Qc5 {[%clk 0:16:45]} a4 {[%clk 0:00:36]} 33. Qe7
{[%clk 0:17:02]} 1-0

[Event "2LB1516, Unichess'B'-Bakov n/J"]
[Site "Praha"]
[Date "2016.03.13"]
[Round "9.3"]
[White "Parizek, Vojtech"]
[Black "Krivanek, Vladimir"]
[Result "1/2-1/2"]
[BlackElo "2137"]
[WhiteElo "1852"]
[WhiteTeam "Unichess B"]
[BlackTeam "Bakov nad Jizerou"]
[LiveChessVersion "1.4.6"]

1. e4 {[%clk 1:30:57]} e6 {[%clk 1:25:06]} 2. d4 {[%clk 1:31:18]} d5
{[%clk 1:25:11]} 3. Nc3 {[%clk 1:31:34]} dxe4 {[%clk 1:24:39]} 4. Nxe4
{[%clk 1:31:50]} Bd7 {[%clk 1:24:50]} 5. Nf3 {[%clk 1:27:48]} Bc6
{[%clk 1:22:44]} 6. Bd3 {[%clk 1:22:19]} Nd7 {[%clk 1:22:54]} 7. O-O
{[%clk 1:21:09]} Ngf6 {[%clk 1:23:11]} 8. Ng3 {[%clk 1:19:27]} Bd6
{[%clk 1:20:15]} 9. Re1 {[%clk 1:16:46]} b6 {[%clk 1:13:54]} 10. Ne5
{[%clk 1:08:06]} Bb7 {[%clk 1:11:39]} 11. Nh5 {[%clk 0:46:39]} Kf8
{[%clk 0:40:06]} 12. Nxg7 {[%clk 0:21:41]} Rg8 {[%clk 0:33:38]} 13. Bg5
{[%clk 0:10:24]} Rxg7 {[%clk 0:17:29]} 14. Nxd7+ {[%clk 0:10:21]} Qxd7
{[%clk 0:17:46]} 15. Bxf6 {[%clk 0:10:43]} Bxh2+ {[%clk 0:08:57]} 16. Kf1
{[%clk 0:06:10]} Bxg2+ {[%clk 0:07:59]} 17. Ke2 {[%clk 0:06:34]} Qd5
{[%clk 0:04:11]} 18. Bxg7+ {[%clk 0:04:44]} Kxg7 {[%clk 0:03:42]} 19. Kd2
{[%clk 0:03:07]} Qxd4 {[%clk 0:02:28]} 20. Re3 {[%clk 0:02:08]} Bc6
{[%clk 0:01:51]} 21. Qh5 {[%clk 0:01:15]} Bf4 {[%clk 0:01:20]} 22. Rg1+
{[%clk 0:01:10]} Kf8 {[%clk 0:01:45]} 23. Qxh7 {[%clk 0:00:54]} Bxe3+
{[%clk 0:01:32]} 24. fxe3 {[%clk 0:01:19]} Qxb2 {[%clk 0:01:24]} 25. Rf1
{[%clk 0:00:56]} Qg7 {[%clk 0:01:15]} 26. Qh5 {[%clk 0:01:03]} Rd8
{[%clk 0:01:22]} 27. Rf2 {[%clk 0:01:03]} e5 {[%clk 0:01:02]} 28. Qh4
{[%clk 0:01:00]} Ke8 {[%clk 0:01:01]} 29. Ke2 {[%clk 0:01:00]} Bd5
{[%clk 0:01:00]} 30. Qa4+ {[%clk 0:01:02]} Kf8 {[%clk 0:01:01]} 31. Qh4
{[%clk 0:00:55]} Ke8 {[%clk 0:01:13]} 32. Qa4+ {[%clk 0:00:58]} Ke7
{[%clk 0:01:00]} 33. Qh4+ {[%clk 0:00:49]} f6 {[%clk 0:01:03]} 34. Qa4
{[%clk 0:00:37]} Be6 {[%clk 0:00:54]} 35. Qa3+ {[%clk 0:00:36]} Ke8
{[%clk 0:00:51]} 36. Qa4+ {[%clk 0:00:34]} Bd7 {[%clk 0:01:05]} 37. Qa3
{[%clk 0:00:33]} Qg4+ {[%clk 0:01:03]} 38. Kd2 {[%clk 0:00:34]} Qg7
{[%clk 0:00:43]} 39. Rh2 {[%clk 0:00:32]} e4 {[%clk 0:00:56]} 40. Bxe4
{[%clk 0:00:37]} Bc6+ {[%clk 0:00:39]} 41. Bd3 {[%clk 0:00:45]} a5
{[%clk 0:27:37]} 42. Qb3 {[%clk 0:22:26]} Rd6 {[%clk 0:25:45]} 43. Qc4
{[%clk 0:20:20]} Kd8 {[%clk 0:22:18]} 44. Ke2 {[%clk 0:18:37]} Kc8
{[%clk 0:13:09]} 45. Rh7 {[%clk 0:08:10]} Qg2+ {[%clk 0:13:18]} 46. Kd1
{[%clk 0:08:07]} Qf1+ {[%clk 0:12:13]} 47. Kd2 {[%clk 0:08:19]} Qf2+
{[%clk 0:12:38]} 48. Kc3 {[%clk 0:07:58]} Qe1+ {[%clk 0:12:50]} 49. Kb2
{[%clk 0:08:13]} b5 {[%clk 0:08:53]} 1/2-1/2

[Event "2LB1516, Unichess'B'-Bakov n/J"]
[Site "Praha"]
[Date "2016.03.13"]
[Round "9.4"]
[White "Kryspin, Libor"]
[Black "Popper, Tomas"]
[Result "1-0"]
[BlackElo "2035"]
[WhiteElo "2120"]
[WhiteTeam "Bakov nad Jizerou"]
[BlackTeam "Unichess B"]
[LiveChessVersion "1.4.6"]

1. e4 e5 2. Bc4 d6 3. d3 Nf6 4. f4 exf4 5. Bxf4 Be7 6. Nf3 O-O 7. O-O d5 8. exd5
Nxd5 9. Qd2 Nxf4 10. Qxf4 Bf6 11. Nc3 c6 12. Ne4 Nd7 13. d4 Be7 14. Neg5 Bxg5 15.
Nxg5 Nf6 16. c3 h6 17. Nf3 Nd5 18. Qd2 Be6 19. Ne5 Qc7 20. Rae1 Rad8 21. Qf2 Rd6
22. Bb3 Nf6 23. Bxe6 Rxe6 24. Qf5 Rfe8 25. Rf3 c5 26. Rd1 cxd4 27. cxd4 Rd8 28.
Ng4 Nxg4 29. Qxg4 Qc2 30. Rdf1 Rg6 31. Qh3 Qxb2 32. Rxf7 Qxd4+ 33. Kh1 Qd5 34.
R7f2 a6 35. Qa3 Qd6 36. Qb3+ Qd5 37. Rd2 1-0

[Event "2LB1516, Unichess'B'-Bakov n/J"]
[Site "Praha"]
[Date "2016.03.13"]
[Round "9.5"]
[White "Splichal, Petr"]
[Black "Zahorbensky, Jaroslav"]
[Result "1/2-1/2"]
[BlackElo "2049"]
[WhiteElo "1957"]
[WhiteTeam "Unichess B"]
[BlackTeam "Bakov nad Jizerou"]
[LiveChessVersion "1.4.6"]

1. d4 {[%clk 1:30:27]} Nf6 {[%clk 1:30:14]} 2. Nf3 {[%clk 1:29:30]} d5
{[%clk 1:30:13]} 3. Bg5 {[%clk 1:29:52]} Ne4 {[%clk 1:28:07]} 4. Bh4
{[%clk 1:26:01]} c5 {[%clk 1:27:41]} 5. c3 {[%clk 1:25:29]} Qb6 {[%clk 1:27:38]}
6. Qb3 {[%clk 1:25:07]} e6 {[%clk 1:19:57]} 7. e3 {[%clk 1:24:19]} Nc6
{[%clk 1:18:38]} 8. Nbd2 {[%clk 1:22:47]} Nxd2 {[%clk 1:17:56]} 9. Nxd2
{[%clk 1:23:06]} Bd6 {[%clk 1:17:42]} 10. Bg3 {[%clk 1:21:57]} Bxg3
{[%clk 1:14:42]} 11. hxg3 {[%clk 1:16:07]} Qxb3 {[%clk 1:12:00]} 12. axb3
{[%clk 1:14:26]} cxd4 {[%clk 1:12:05]} 13. exd4 {[%clk 1:14:44]} Bd7
{[%clk 1:12:09]} 14. Bd3 {[%clk 1:09:16]} Ke7 {[%clk 1:08:52]} 15. b4
{[%clk 1:08:01]} Kd6 {[%clk 0:57:29]} 16. f4 {[%clk 0:59:19]} h6 {[%clk 0:55:33]}
17. Nf3 {[%clk 0:55:32]} f6 {[%clk 0:51:57]} 18. Kd2 {[%clk 0:51:20]} a6
{[%clk 0:42:55]} 19. g4 {[%clk 0:38:21]} e5 {[%clk 0:38:59]} 20. fxe5+
{[%clk 0:37:52]} fxe5 {[%clk 0:38:46]} 21. dxe5+ {[%clk 0:38:17]} Nxe5
{[%clk 0:39:01]} 22. Nxe5 {[%clk 0:38:26]} Kxe5 {[%clk 0:39:30]} 23. Rae1+
{[%clk 0:31:06]} Kd6 {[%clk 0:39:45]} 24. Bf5 {[%clk 0:29:44]} Rae8
{[%clk 0:36:47]} 25. Rhf1 {[%clk 0:25:16]} Bb5 {[%clk 0:33:51]} 26. Rxe8
{[%clk 0:21:13]} Rxe8 {[%clk 0:33:12]} 27. Bd3 {[%clk 0:20:35]} Bc6
{[%clk 0:19:53]} 28. Rf4 {[%clk 0:16:56]} Re7 {[%clk 0:19:33]} 29. b3
{[%clk 0:16:36]} Bd7 {[%clk 0:16:14]} 30. c4 {[%clk 0:15:02]} Re5
{[%clk 0:14:53]} 31. Rf7 {[%clk 0:10:29]} Rg5 {[%clk 0:12:19]} 32. Ke3
{[%clk 0:08:57]} Bc6 {[%clk 0:11:21]} 33. Bf5 {[%clk 0:08:07]} dxc4
{[%clk 0:07:46]} 34. bxc4 {[%clk 0:08:15]} Bxg2 {[%clk 0:07:41]} 35. Kd4
{[%clk 0:07:49]} Kc6 {[%clk 0:05:44]} 36. Bd7+ {[%clk 0:05:56]} Kc7
{[%clk 0:04:41]} 37. Bf5+ {[%clk 0:03:22]} Kc6 {[%clk 0:04:26]} 38. Bd7+
{[%clk 0:02:04]} Kc7 {[%clk 0:04:55]} 39. Be6+ {[%clk 0:00:50]} Kb8
{[%clk 0:02:08]} 40. Bf5 {[%clk 0:00:32]} Ka7 {[%clk 0:01:18]} 41. b5
{[%clk 0:30:30]} axb5 {[%clk 0:31:03]} 42. cxb5 {[%clk 0:29:02]} Kb6
{[%clk 0:31:06]} 43. Bd7 {[%clk 0:25:23]} Bd5 {[%clk 0:28:50]} 44. Rf2
{[%clk 0:23:26]} Bb3 {[%clk 0:27:32]} 45. Bf5 {[%clk 0:22:19]} Bd1
{[%clk 0:25:31]} 46. Rf4 {[%clk 0:20:45]} Be2 {[%clk 0:25:19]} 47. Ke3
{[%clk 0:18:06]} Bxb5 {[%clk 0:25:38]} 48. Re4 {[%clk 0:18:07]} Bc6
{[%clk 0:24:44]} 49. Re6 {[%clk 0:18:01]} Kc5 {[%clk 0:24:35]} 50. Kf4
{[%clk 0:18:15]} Bd5 {[%clk 0:23:59]} 51. Re8 {[%clk 0:16:48]} Bc4
{[%clk 0:20:42]} 52. Rc8+ {[%clk 0:16:18]} Kb4 {[%clk 0:20:25]} 53. Re8
{[%clk 0:12:02]} b5 {[%clk 0:20:21]} 54. Re1 {[%clk 0:12:20]} Ka3
{[%clk 0:11:20]} 55. Ra1+ {[%clk 0:11:21]} Kb2 {[%clk 0:11:22]} 56. Rb1+
{[%clk 0:11:38]} Ka2 {[%clk 0:11:47]} 57. Rc1 {[%clk 0:11:14]} g6
{[%clk 0:10:38]} 58. Be4 {[%clk 0:11:12]} Bd5 {[%clk 0:06:18]} 59. Bd3
{[%clk 0:09:40]} Be6 {[%clk 0:03:40]} 60. Be2 {[%clk 0:07:06]} Rd5
{[%clk 0:03:25]} 61. Rc6 {[%clk 0:07:05]} Bf7 {[%clk 0:02:24]} 62. Rf6
{[%clk 0:06:52]} Be8 {[%clk 0:02:23]} 63. Re6 {[%clk 0:06:43]} Rd8
{[%clk 0:02:13]} 64. Rb6 {[%clk 0:06:49]} Rd4+ {[%clk 0:02:03]} 65. Ke3
{[%clk 0:06:57]} Rb4 {[%clk 0:01:50]} 66. Rb8 {[%clk 0:07:01]} Bd7
{[%clk 0:02:12]} 67. Bd3 {[%clk 0:04:55]} Rxg4 {[%clk 0:01:45]} 68. Rb7
{[%clk 0:04:46]} Bc6 {[%clk 0:01:19]} 69. Rb6 {[%clk 0:05:12]} Be8
{[%clk 0:01:33]} 70. Rb8 {[%clk 0:05:32]} Bf7 {[%clk 0:01:02]} 71. Bxb5
{[%clk 0:05:02]} h5 {[%clk 0:01:17]} 72. Bd3 {[%clk 0:04:51]} Rg3+
{[%clk 0:01:18]} 73. Kd2 {[%clk 0:04:59]} Be6 {[%clk 0:01:04]} 74. Kc3 Rxd3+ 75.
Kd2 Rg3 1/2-1/2

[Event "2LB1516, Unichess'B'-Bakov n/J"]
[Site "Praha"]
[Date "2016.03.13"]
[Round "9.6"]
[White "Vacek, Radomir"]
[Black "Miskolczi, Vitezslav"]
[Result "1/2-1/2"]
[BlackElo "2067"]
[WhiteElo "2026"]
[WhiteTeam "Bakov nad Jizerou"]
[BlackTeam "Unichess B"]
[LiveChessVersion "1.4.6"]

1. d4 {[%clk 1:30:53]} Nf6 {[%clk 1:30:37]} 2. c4 {[%clk 1:31:19]} d6
{[%clk 1:30:59]} 3. Nf3 {[%clk 1:29:07]} g6 {[%clk 1:30:57]} 4. Nc3
{[%clk 1:29:33]} Bg7 {[%clk 1:31:21]} 5. e4 {[%clk 1:29:59]} Nbd7
{[%clk 1:31:31]} 6. Be2 {[%clk 1:30:25]} O-O {[%clk 1:31:53]} 7. O-O
{[%clk 1:30:53]} e5 {[%clk 1:32:11]} 8. Qc2 {[%clk 1:31:11]} a5 {[%clk 1:32:20]}
9. Rd1 {[%clk 1:20:35]} Qe7 {[%clk 1:28:44]} 10. dxe5 {[%clk 1:14:18]} dxe5
{[%clk 1:26:06]} 11. h3 {[%clk 1:13:36]} c6 {[%clk 1:25:55]} 12. Be3
{[%clk 1:13:32]} Nc5 {[%clk 1:24:19]} 13. Rd2 {[%clk 1:08:37]} Nh5
{[%clk 1:23:49]} 14. Rad1 {[%clk 1:04:29]} Nf4 {[%clk 1:11:16]} 15. Bxc5
{[%clk 0:57:13]} Qxc5 {[%clk 1:11:37]} 16. Na4 {[%clk 0:57:39]} Qe7
{[%clk 1:06:55]} 17. Nb6 {[%clk 0:58:00]} Rb8 {[%clk 1:07:05]} 18. Nxc8
{[%clk 0:46:30]} Rfxc8 {[%clk 1:03:47]} 19. Rd7 {[%clk 0:45:33]} Qe8
{[%clk 0:58:12]} 20. Bf1 {[%clk 0:33:07]} Ne6 {[%clk 0:56:25]} 21. R7d3
{[%clk 0:32:23]} Nc5 {[%clk 0:52:40]} 22. Rd6 {[%clk 0:30:43]} Rd8
{[%clk 0:34:00]} 23. g3 {[%clk 0:25:52]} Rxd6 {[%clk 0:32:24]} 24. Rxd6
{[%clk 0:26:20]} Qe7 {[%clk 0:32:29]} 25. Rd1 {[%clk 0:26:02]} Rd8
{[%clk 0:32:34]} 26. Rxd8+ {[%clk 0:26:02]} Qxd8 {[%clk 0:33:02]} 27. Kg2
{[%clk 0:24:45]} Qd6 {[%clk 0:32:01]} 28. Be2 {[%clk 0:24:28]} Bf6
{[%clk 0:31:39]} 29. Bd1 {[%clk 0:22:48]} Qd3 {[%clk 0:29:47]} 30. Qxd3
{[%clk 0:23:08]} Nxd3 {[%clk 0:30:15]} 31. b3 {[%clk 0:23:30]} Kf8
{[%clk 0:30:18]} 32. Bc2 {[%clk 0:23:20]} Nb4 {[%clk 0:28:18]} 33. Bb1
{[%clk 0:23:46]} Ke7 {[%clk 0:28:33]} 34. Kf1 {[%clk 0:22:54]} Ke6
{[%clk 0:28:19]} 35. Ke2 {[%clk 0:22:29]} Be7 {[%clk 0:28:37]} 36. Ne1
{[%clk 0:21:55]} Bc5 {[%clk 0:27:01]} 37. f3 {[%clk 0:08:08]} Na6
{[%clk 0:23:39]} 38. Nd3 {[%clk 0:05:29]} h5 {[%clk 0:23:10]} 39. Ne1
{[%clk 0:03:23]} Kf6 {[%clk 0:22:54]} 40. f4 {[%clk 0:02:58]} h4 {[%clk 0:22:39]}
41. fxe5+ {[%clk 0:02:51]} Kxe5 {[%clk 0:23:06]} 42. Nf3+ {[%clk 0:03:12]} Kf6
{[%clk 0:21:26]} 43. Nxh4 {[%clk 0:03:18]} Bd6 {[%clk 0:21:20]} 44. Kf2
{[%clk 0:01:35]} Nc5 {[%clk 0:15:01]} 45. Bc2 {[%clk 0:27:25]} Ne6
{[%clk 0:45:49]} 46. Nf3 {[%clk 0:27:45]} Ng5 {[%clk 0:46:06]} 47. Nxg5
{[%clk 0:21:06]} Kxg5 {[%clk 0:46:30]} 48. Kf3 Kf6 49. h4 Ke5 50. g4 Kd4 51. h5
gxh5 52. gxh5 Kc3 53. h6 1/2-1/2

[Event "2LB1516, Unichess'B'-Bakov n/J"]
[Site "Praha"]
[Date "2016.03.13"]
[Round "9.7"]
[White "Cizek, Martin"]
[Black "Hulin, Petr"]
[Result "1/2-1/2"]
[BlackElo "2057"]
[WhiteElo "1989"]
[WhiteTeam "Unichess B"]
[BlackTeam "Bakov nad Jizerou"]
[LiveChessVersion "1.4.6"]

1. d4 {[%clk 1:30:57]} Nf6 {[%clk 1:30:11]} 2. c4 {[%clk 1:31:21]} e6
{[%clk 1:30:24]} 3. Nf3 {[%clk 1:31:44]} b6 {[%clk 1:29:42]} 4. a3
{[%clk 1:31:50]} Bb7 {[%clk 1:29:35]} 5. Nc3 {[%clk 1:32:15]} Be7
{[%clk 1:27:07]} 6. d5 {[%clk 1:24:26]} O-O {[%clk 1:10:35]} 7. e4
{[%clk 1:24:01]} d6 {[%clk 1:06:44]} 8. Be2 {[%clk 1:19:47]} exd5
{[%clk 0:53:34]} 9. exd5 {[%clk 1:15:49]} Re8 {[%clk 0:48:13]} 10. O-O
{[%clk 1:15:13]} Nbd7 {[%clk 0:44:56]} 11. Nd4 {[%clk 1:06:42]} Nf8
{[%clk 0:34:20]} 12. Bd3 {[%clk 0:56:34]} Ng6 {[%clk 0:31:07]} 13. f4
{[%clk 0:53:00]} Bf8 {[%clk 0:29:47]} 14. Qf3 {[%clk 0:50:51]} Nd7
{[%clk 0:24:19]} 15. Bd2 {[%clk 0:49:30]} a6 {[%clk 0:22:22]} 16. Bc2
{[%clk 0:44:57]} Qf6 {[%clk 0:17:01]} 17. Qf2 {[%clk 0:40:54]} Qh4
{[%clk 0:10:23]} 18. g3 {[%clk 0:40:31]} Qd8 {[%clk 0:08:43]} 19. Rae1
{[%clk 0:37:37]} Rxe1 {[%clk 0:08:16]} 20. Rxe1 {[%clk 0:37:59]} Nf6
{[%clk 0:08:29]} 21. Bxg6 {[%clk 0:25:50]} hxg6 {[%clk 0:08:35]} 22. f5
{[%clk 0:25:19]} Ng4 {[%clk 0:07:17]} 23. Qf4 {[%clk 0:24:34]} Ne5
{[%clk 0:06:58]} 24. fxg6 {[%clk 0:24:16]} Nxg6 {[%clk 0:07:12]} 25. Qe3
{[%clk 0:18:13]} Qd7 {[%clk 0:05:52]} 26. b3 {[%clk 0:17:24]} Ne5
{[%clk 0:05:02]} 27. Nf3 {[%clk 0:14:32]} Re8 {[%clk 0:04:21]} 28. Nxe5
{[%clk 0:13:29]} Rxe5 {[%clk 0:04:02]} 29. Qf3 {[%clk 0:13:18]} Rxe1+
{[%clk 0:03:45]} 30. Bxe1 {[%clk 0:13:47]} Bc8 {[%clk 0:03:02]} 31. Ne4
{[%clk 0:12:04]} Qg4 {[%clk 0:03:03]} 32. Kf2 {[%clk 0:11:46]} Qh4 1/2-1/2